[Event "Niedersachsen-chT U16"]
[Site "Rotenburg"]
[Date "2000.06.19"]
[Round "7.4"]
[White "Fimmen, Malte"]
[Black "Pydde, Martin"]
[Result "1-0"]
[WhiteElo "1248"]
[BlackElo "1428"]
[PlyCount "47"]
[EventDate "2000.06.16"]
[EventType "team"]
[EventRounds "7"]
[EventCountry "GER"]
[SourceTitle "EXT 2003"]
[Source "ChessBase"]
[SourceDate "2002.11.25"]
[SourceVersion "1"]
[SourceVersionDate "2002.11.25"]
[SourceQuality "1"]

1. e4 c5 2. c3 d5 3. exd5 Qxd5 4. d4 cxd4 5. cxd4 Nc6 6. Nf3 e5 7. Nc3 Bb4 8. Bd2 Bxc3 9. Bxc3 e4 10. Nd2 Nf6 11. Bc4 Qg5 12. g3 0-0 13. 0-0 e3 14. Nf3 exf2+ 15. Rxf2 Qh5 16. Qc2 Ng4 17. Re2 Bf5 18. Bd3 Bxd3 19. Qxd3 Rae8 20. Rae1 Rxe2 21. Rxe2 f5 22. Qc4+ Qf7 23. b3 Kh8 24. Qxf7 1-0

[Event "Niedersachsen-chT U16"]
[Site "Rotenburg"]
[Date "2000.06.17"]
[Round "3.4"]
[White "Brinkmann, Matthias"]
[Black "Pydde, Martin"]
[Result "1-0"]
[WhiteElo "1042"]
[BlackElo "1428"]
[PlyCount "197"]
[EventDate "2000.06.16"]
[EventType "team"]
[EventRounds "7"]
[EventCountry "GER"]
[SourceTitle "EXT 2003"]
[Source "ChessBase"]
[SourceDate "2002.11.25"]
[SourceVersion "1"]
[SourceVersionDate "2002.11.25"]
[SourceQuality "1"]

1. e4 c5 2. Nf3 Nc6 3. c3 d5 4. exd5 Qxd5 5. d4 e6 6. Bb5 Bd7 7. 0-0 Nf6 8. Be3 cxd4 9. Nxd4 e5 10. c4 Qd6 11. Nxc6 Bxc6 12. Bxc6+ Qxc6 13. Qe2 Bc5 14. Bxc5 Qxc5 15. Nc3 0-0 16. Rad1 Rac8 17. b3 a6 18. Ne4 Nxe4 19. Qxe4 Rcd8 20. h3 b5 21. cxb5 Qxb5 22. Rfe1 f6 23. Qc2 Qa5 24. Re2 Rxd1+ 25. Qxd1 Rd8 26. Qc2 Qd5 27. Kh2 Qd4 28. Qc6 Qd3 29. Rc2 Qb5 30. Qe6+ Kf8 31. Rc7 Qe8 32. Qxa6 e4 33. Qa3+ Kg8 34. Re7 Qg6 35. Qa7 f5 36. Qc7 Re8 37. a4 Rxe7 38. Qxe7 h6 39. a5 Qa6 40. Qd8+ Kh7 41. Qb6 Qc8 42. a6 Qe8 43. Qc7 e3 44. fxe3 Qxe3 45. Qg3 Qb6 46. Qd3 Qc7+ 47. g3 Qc5 48. Kg2 Qc6+ 49. Kf2 Qc5+ 50. Ke2 Qe5+ 51. Kd1 Qa5 52. Kc2 Qa2+ 53. Kc1 Qa1+ 54. Kd2 Qb2+ 55. Qc2 Qd4+ 56. Qd3 Qf2+ 57. Kc3 Qc5+ 58. Qc4 Qe3+ 59. Kb4 Qe7+ 60. Qc5 Qe4+ 61. Ka5 Qe1+ 62. b4 Qa1+ 63. Kb6 Qf6+ 64. Qc6 Qd4+ 65. Ka5 Qd8+ 66. Qb6 Qd5+ 67. b5 Qa2+ 68. Kb4 Qd2+ 69. Kc5 Qc3+ 70. Kd5 Qf3+ 71. Ke6 Qe4+ 72. Kd7 Qd5+ 73. Kc8 Qg8+ 74. Kb7 Qd5+ 75. Qc6 Qf7+ 76. Qc7 Qd5+ 77. Ka7 Qd4+ 78. b6 Qe3 79. Ka8 Qe8+ 80. Qb8 Qc6+ 81. Qb7 Qe8+ 82. Ka7 Qe3 83. Qc8 Qf2 84. Kb7 Qf3+ 85. Qc6 Qe3 86. a7 Qe7+ 87. Kc8 Qf8+ 88. Kc7 Qe7+ 89. Qd7 Qe5+ 90. Qd6 Qc3+ 91. Kb8 Qe3 92. a8Q Qe8+ 93. Kb7 Qe4+ 94. Qc6 Qe7+ 95. Kb8 Qd8+ 96. Ka7 Qe7+ 97. Qab7 Qa3+ 98. Kb8 Qf8+ 99. Qbc8 1-0

[Event "Niedersachsen-chT U16"]
[Site "Rotenburg"]
[Date "2000.06.17"]
[Round "4.4"]
[White "Pydde, Martin"]
[Black "Porten, Andreas"]
[Result "1-0"]
[WhiteElo "1428"]
[BlackElo "521"]
[PlyCount "45"]
[EventDate "2000.06.16"]
[EventType "team"]
[EventRounds "7"]
[EventCountry "GER"]
[SourceTitle "EXT 2003"]
[Source "ChessBase"]
[SourceDate "2002.11.25"]
[SourceVersion "1"]
[SourceVersionDate "2002.11.25"]
[SourceQuality "1"]

1. e4 e5 2. Nf3 Bd6 3. Nc3 Nf6 4. Bc4 h6 5. 0-0 Nc6 6. d4 Bb4 7. dxe5 Bxc3 8. exf6 Bxf6 9. Re1 Be5 10. Bxf7+ Kxf7 11. Qd5+ Ke8 12. Nxe5 Qf6 13. Nxc6 bxc6 14. Qf5 d6 15. Qxf6 gxf6 16. Bd2 Rb8 17. Bc3 Rf8 18. f4 Rb5 19. e5 Kd7 20. exf6 Rxf6 21. Bxf6 Rf5 22. Re7+ Kd8 23. Rae1 1-0